La sociedad de la prevención /
Guardado en:
| Autor Principal: | |
|---|---|
| Otros Autores: | , |
| Formato: | Desconocido |
| Idioma: | Spanish |
| Publicado: |
Buenos Aires :
Ad - Hoc,
2009.
|
| Edición: | 1a. ed. |
| Series: | Criminologías
8 |
| Materias: | |
| Etiquetas: |
Agregar Etiqueta
Sin Etiquetas, Sea el primero en etiquetar este registro!
|
| LEADER | 00580nac a22002055a 4500 | ||
|---|---|---|---|
| 001 | DER.der008732 | ||
| 008 | 180615s2009####ag#||||||||||||||#||spa|| | ||
| 005 | 20241028120004.0 | ||
| 245 | 1 | 0 | |a La sociedad de la prevención / |c Tamar Pitch |
| 250 | |a 1a. ed. | ||
| 260 | |a Buenos Aires : |b Ad - Hoc, |c 2009. | ||
| 300 | |a 192 p. | ||
| 440 | 0 | |a Criminologías |v 8 | |
| 020 | |a 9789508947246 | ||
| 100 | 1 | |a Pitch, Tamar | |
| 700 | 1 | |a Ferreccio, Vanina, |e trad. | |
| 700 | 1 | |a Sozzo, Máximo, |e trad. | |
| 650 | 7 | |a DERECHO PENAL | |
| 650 | 7 | |a CRIMINOLOGIA | |
| 859 | |a DERECHO |b BIB. DERECHO |h 345 |i PIT |p 006158 | ||
